Biggest US cities when the Industrial Revolution ended - Statistics

General Stats
  • This quiz has been taken 91 times
  • The average score is 6 of 10
Answer Stats
Population Answer % Correct
312,710 New York City
100%
93,383 Boston
92%
93,665 Philadelphia
88%
102,313 Baltimore
68%
102,193 New Orleans
58%
29,261 Charleston
47%
33,721 Albany
34%
36,233 Brooklyn
34%
46,338 Cincinnati
33%
34,474 Northern Liberties
16%
No matching quizzes found
Score Distribution
Percent of People with Each Score
Percentile by Number Answered
Your Score History
You have not taken this quiz